Mladá veda AIESA 2012 – Participácia doktorandov a mladých vedeckých pracovníkov na budovaní spoločnosti založenej na vedomostiach zborník [príspevkov] : VIII. medzinárodná vedecká konferencia doktorandov a mladých vedeckých pracovníkov konaná pod záštitou dekana Fakulty hospodárskej informatiky prof. Ing. Michala Fendeka, PhD. : Bratislava 9. novembra 2012

Uložené v:
Podrobná bibliografia
Korporácia: Mladá veda AIESA 2012 – Participácia doktorandov a mladých vedeckých pracovníkov na budovaní spoločnosti založenej na vedomostiach. Medzinárodná vedecká konferencia doktorandov a mladých vedeckých pracovníkov, Ekonomická univerzita v Bratislave. Fakulta hospodárskej informatiky
Ďalší autori: Brixová, Janette, Brezina, Ivan, ml, Ďurka, Peter
Médium: Kniha
Jazyk:Slovak
English
Vydavateľské údaje: Bratislava Vydavateľstvo EKONÓM 2012
Predmet:
Tagy: Pridať tag
Žiadne tagy, Buďte prvý, kto otaguje tento záznam!

MARC

LEADER 00000nlm a2200000 4500
001 0164263
005 20251027091402.3
020 |a 978-80-225-3546-5 
041 0 |a slo 
041 0 |a eng 
044 |a SK 
245 1 0 |a Mladá veda AIESA 2012 – Participácia doktorandov a mladých vedeckých pracovníkov na budovaní spoločnosti založenej na vedomostiach  |b zborník [príspevkov] : VIII. medzinárodná vedecká konferencia doktorandov a mladých vedeckých pracovníkov konaná pod záštitou dekana Fakulty hospodárskej informatiky prof. Ing. Michala Fendeka, PhD. : Bratislava 9. novembra 2012  |c zostavovateľ Janette Brixová 
264 1 |a Bratislava  |b Vydavateľstvo EKONÓM  |c 2012 
300 |a CD-ROM [157 s.] 
610 2 0 |a spoločnosť vedomostná 
610 2 0 |a ekonometria 
610 2 0 |a výskum operačný 
610 2 0 |a metódy kvantitatívne 
610 2 0 |a účtovníctvo 
700 1 |a Brixová, Janette 
700 1 |a Brezina, Ivan, ml. 
700 1 |a Ďurka, Peter 
110 2 |a Mladá veda AIESA 2012 – Participácia doktorandov a mladých vedeckých pracovníkov na budovaní spoločnosti založenej na vedomostiach. Medzinárodná vedecká konferencia doktorandov a mladých vedeckých pracovníkov 
710 2 |a Ekonomická univerzita v Bratislave. Fakulta hospodárskej informatiky